000 00861nam a2200265 i 4500
003 DO-SdBNP
005 20230516113750.0
007 ta
008 230516b2022 dr a|||| |||| 00| 0 spa d
020 _a9789945809732
040 _aDO-SdBNP
_bspa
_cBNPHU
_erda
082 4 _222
100 1 _aCarmen, Mabel del
_983396
245 1 0 _aImpresiones de Mabel /
_cMabel del Carmen ; prólogo Braulio Castillo Castillo
264 _aSanto Domingo :
_bBúho,
_c2022.
300 _a117 páginas :
_bilustraciones ;
_c23 cm.
336 _2rdacontent
_atexto
_btxt
337 _2rdamedia
_asin mediación
_bn
338 _2rdacarrier
_avolumen
_bnc
500 _aIncluye datos biográficos de la autora en la solala de la cubierta
590 _aInventariado, 2023/BT
700 1 _aCastillo Castillo, Braulio,
_eprólogo
_983397
910 _aBtavárez
942 _2ddc
_cLBS1
999 _c53536
_d53536